عرض عادي
عرض مارك
- الشاه، محمد الأمين.
مدخل إسم شخص
001 - رقم الضبط
- حقل الضبط: 98954
003 - معرف رقم الضبط
- حقل الضبط: OSt
005 - تاريخ ووقت أخر عملية
- حقل الضبط: 20220828145915.0
008 - عناصر بيانات ثابتة الطول
- حقل تحكم ثابت الطول: 220828|| aca||aabn | a|a d
040 ## - مصدر الفهرسة
- هيئة الفهرسة الأصلية: OSt
- وكالة الكتابة: OSt
100 ## - مدخل -- أسم شخص
- إسم شخص: الشاه، محمد الأمين.
670 ## - بيانات المصدر موجوده
- الاستشهاد بالمصدر: Work cat.: (OSt): الشاه، محمد الأمين., التذكرة مقاربة فقهية /, 2010
